000 00894cam a2200241u 4500
999 _c20292
_d20292
001 7473594
003 BDDh-ASL
005 20231015025853.0
008 830419s1953 nyua d 000 0 eng
010 _a 57059109
040 _aDLC
_cCarP
_dDLC
_dBDDh-ASL
050 0 0 _aDS37
_b.E52 1953a
082 _a297.03
_bGIS
245 0 0 _aShorter encyclopaedia of Islam /
_cedited on behalf of the Royal Netherlands Academy, by H.A.R. Gibb and J.H. Kramers.
260 _aIthaca, N.Y.:
_bCornell University press
_c[c1953]
300 _aviii, 671 p.
_billus.
_c27 cm.
650 0 _aIslam
_vDictionaries.
700 1 _aGibb, H. A. R.
_q(Hamilton Alexander Rosskeen),
_d1895-1971,
_eed.
700 1 _aKramers, J. H.
_q(Johannes Hendrik),
_d1891-1951,
_eed.
710 2 _aAkademie van Wetenschappen, Amsterdam. [from old catalog]
906 _a0
_bcbc
_cpremunv
_du
_encip
_f19
_gy-gencatlg
942 _2ddc
_cBK